<?xml version="1.0" encoding="UTF-8"?><?xml-stylesheet type="text/xsl" href="static/style.xsl"?><OAI-PMH xmlns="http://www.openarchives.org/OAI/2.0/" xmlns:xsi="http://www.w3.org/2001/XMLSchema-instance" xsi:schemaLocation="http://www.openarchives.org/OAI/2.0/ http://www.openarchives.org/OAI/2.0/OAI-PMH.xsd"><responseDate>2026-05-11T13:27:29Z</responseDate><request verb="GetRecord" identifier="oai:riubu.ubu.es:10259/5661" metadataPrefix="marc">https://riubu.ubu.es/oai/request</request><GetRecord><record><header><identifier>oai:riubu.ubu.es:10259/5661</identifier><datestamp>2022-05-20T13:23:07Z</datestamp><setSpec>com_10259_4201</setSpec><setSpec>com_10259_5086</setSpec><setSpec>com_10259_2604</setSpec><setSpec>col_10259_4505</setSpec></header><metadata><record xmlns="http://www.loc.gov/MARC21/slim" xmlns:doc="http://www.lyncode.com/xoai" xmlns:xsi="http://www.w3.org/2001/XMLSchema-instance" xmlns:dcterms="http://purl.org/dc/terms/" xsi:schemaLocation="http://www.loc.gov/MARC21/slim http://www.loc.gov/standards/marcxml/schema/MARC21slim.xsd">
<leader>00925njm 22002777a 4500</leader>
<datafield tag="042" ind1=" " ind2=" ">
<subfield code="a">dc</subfield>
</datafield>
<datafield tag="720" ind1=" " ind2=" ">
<subfield code="a">Cuesta Segura, Isidoro Iván</subfield>
<subfield code="e">author</subfield>
</datafield>
<datafield tag="720" ind1=" " ind2=" ">
<subfield code="a">Almaguer Zaldivar, Pavel Michel</subfield>
<subfield code="e">author</subfield>
</datafield>
<datafield tag="720" ind1=" " ind2=" ">
<subfield code="a">Alegre Calderón, Jesús Manuel</subfield>
<subfield code="e">author</subfield>
</datafield>
<datafield tag="260" ind1=" " ind2=" ">
<subfield code="c">2019-06</subfield>
</datafield>
<datafield tag="520" ind1=" " ind2=" ">
<subfield code="a">In the automotive industry, the use of stamped aluminium alloy components has become a&#xd;
very common occurrence. For the appropriate design of these components, it is necessary to know&#xd;
how the manufacturing process a ects the material properties. In the first place, high plastic strains&#xd;
("p) can be generated during the stamping process, which can result in a change in the residual stress&#xd;
and mechanical properties in the plastically deformed areas. Furthermore, if a last coat of paint&#xd;
that is usually subjected to a thermal cycle, characterized by temperature (T) and exposure time (t),&#xd;
is applied, it can also influence mechanical behaviour. Consequently, this paper studies how both&#xd;
processes a ect the mechanical behaviour of an aluminium alloy of the 5000 series, commonly used&#xd;
in these types of components. In particular, the mechanical properties such as the yield stress at 0.2%&#xd;
( 0.2), the ultimate tensile strength (sut) and the engineering strain at break (e f ) have been analysed.&#xd;
To achieve this, a response surface technique, based on the design of experiments, has been used. The&#xd;
response surfaces obtained allow for the prediction of mechanical properties  0.2, sut and e f for any&#xd;
combination of values of t, T and "p.</subfield>
</datafield>
<datafield tag="024" ind2=" " ind1="8">
<subfield code="a">http://hdl.handle.net/10259/5661</subfield>
</datafield>
<datafield tag="024" ind2=" " ind1="8">
<subfield code="a">10.3390/ma12111838</subfield>
</datafield>
<datafield tag="024" ind2=" " ind1="8">
<subfield code="a">1996-1944</subfield>
</datafield>
<datafield ind1=" " ind2=" " tag="653">
<subfield code="a">mechanical behaviour</subfield>
</datafield>
<datafield ind1=" " ind2=" " tag="653">
<subfield code="a">stamped aluminium alloy components</subfield>
</datafield>
<datafield ind1=" " ind2=" " tag="653">
<subfield code="a">response surface technique</subfield>
</datafield>
<datafield ind1=" " ind2=" " tag="653">
<subfield code="a">design of experiments</subfield>
</datafield>
<datafield tag="245" ind1="0" ind2="0">
<subfield code="a">Mechanical behaviour of stamped aluminium alloy components by means of response surfaces</subfield>
</datafield>
</record></metadata></record></GetRecord></OAI-PMH>